000 00541cab a2200205 4500
001 X788
008 090401t1993 xxu||||| |||| 00| 0 eng d
035 _a(Sirsi) u67463
041 _aeng
245 _aBuilder Group chairman retires
260 _c1993
350 _a0
490 _aCSM (Chartered Surveyor Monthly)
_v2(9) June 1993, 7(1)
650 _aBRIAN GRIFFIN
650 _aBUILDER GROUP
650 _aRICS JOURNALS LTD
690 _aMANAGEMENT-BUSINESS MANAGEMENT-PROFESSIONAL PRACTICE
942 _n0
948 _c04/03/1997
999 _c42213
_d42213